Electoral behavior (Record no. 257086)

MARC details
000 -LEADER
fixed length control field 00712nam a2200229Ia 4500
008 - FIXED-LENGTH DATA ELEMENTS--GENERAL INFORMATION
fixed length control field 191130s2008##################000#0#eng##
020 ## - INTERNATIONAL STANDARD BOOK NUMBER
ISBN 9781412947527
082 ## - DEWEY DECIMAL CLASSIFICATION NUMBER
Classification number 324.9 ARZ.2
245 ## - TITLE STATEMENT
Title Electoral behavior
Statement of responsibility, etc edited by Kai Arzheimer and Jocelyn Evans
260 ## - PUBLICATION, DISTRIBUTION, ETC. (IMPRINT)
Place of publication Thousand Oaks, CA
Name of publisher SAGE
Year of publication 2008
300 ## - PHYSICAL DESCRIPTION
Number of Pages 4 v. : ill. ; 25 cm
500 ## - GENERAL NOTE
General note Includes bibliographical references
650 ## - SUBJECT ADDED ENTRY--TOPICAL TERM
Topical Term Voting registers
Topical Term Voting registers - United States
Topical Term Voting--Mathematical models
700 ## - ADDED ENTRY--PERSONAL NAME
Personal name Arzheimer, Kai
Personal name Evans, Jocelyn
991 ## -
-- 159749
Holdings
Withdrawn status Lost status Damaged status Not for loan Home library Current library Shelving location Date acquired Full call number Accession Number Price effective from Koha item type
        Anna Centenary Library Anna Centenary Library 3RD FLOOR, B WING 13.10.2020 324.9 ARZ.2 159290 13.10.2020 English Books
        Anna Centenary Library Anna Centenary Library 3RD FLOOR, B WING 13.10.2020 324.9 ARZ.2 159291 13.10.2020 English Books
        Anna Centenary Library Anna Centenary Library 3RD FLOOR, B WING 13.10.2020 324.9 ARZ.2 159293 13.10.2020 English Books
        Anna Centenary Library Anna Centenary Library 3RD FLOOR, A WING 13.10.2020 324.9 ARZ.2 159295 13.10.2020 English Books

Find us on the map